Matriculation invasion (Record no. 74284)
[ view plain ]
| 000 -LEADER | |
|---|---|
| fixed length control field | 01090cam a2200205 4500 |
| 001 - CONTROL NUMBER | |
| control field | X125508 |
| 008 - FIXED-LENGTH DATA ELEMENTS--GENERAL INFORMATION | |
| fixed length control field | 040322n2004 000 0 eng u |
| 035 ## - SYSTEM CONTROL NUMBER | |
| System control number | (Sirsi) u125508 |
| 100 ## - MAIN ENTRY--PERSONAL NAME | |
| Personal name | Orrett, P. |
| 245 ## - TITLE STATEMENT | |
| Title | Matriculation invasion |
| 260 ## - PUBLICATION, DISTRIBUTION, ETC. | |
| Date of publication, distribution, etc. | 2004 |
| 490 ## - SERIES STATEMENT | |
| Series statement | Inside Housing |
| Volume/sequential designation | 21(9) 5 March 2004, 18-19(2) |
| 520 ## - SUMMARY, ETC. | |
| Summary, etc. | Examines how the housing take-up of a growing student population can have an adverse impact on local housing stock availability. Focuses on the example of Hatfield, where the expansion of the University of Hertfordshire has cost local people at least 720 affordable homes over the last six years. Argues that the provision of more purpose-built student accommodation should be a government priority. Suggests that some of the Communities Plan investment should be channelled into supplying more university accommodation for existing students. |
| 650 ## - SUBJECT ADDED ENTRY--TOPICAL TERM | |
| Topical term or geographic name entry element | HIGH DENSITY HOUSING |
| 650 ## - SUBJECT ADDED ENTRY--TOPICAL TERM | |
| Topical term or geographic name entry element | SOCIAL HOUSING |
| 650 ## - SUBJECT ADDED ENTRY--TOPICAL TERM | |
| Topical term or geographic name entry element | STUDENT ACCOMMODATION |
| 650 ## - SUBJECT ADDED ENTRY--TOPICAL TERM | |
| Topical term or geographic name entry element | HATFIELD |
| 690 ## - LOCAL SUBJECT ADDED ENTRY--TOPICAL TERM (OCLC, RLIN) | |
| Topical term or geographic name as entry element | PROPERTY-RESIDENTIAL PROPERTY-RESIDENTIAL PROPERTY MARKET |
| 942 ## - ADDED ENTRY ELEMENTS (KOHA) | |
| Suppress in OPAC | 0 |
| Withdrawn status | Lost status | Source of classification or shelving scheme | Damaged status | Not for loan | Home library | Current library | Shelving location | Date acquired | Total Checkouts | Full call number | Barcode | Date last seen | Copy number | Price effective from | Koha item type |
|---|---|---|---|---|---|---|---|---|---|---|---|---|---|---|---|
| Dewey Decimal Classification | London | London | Journal article | 22/03/2004 | X125508 | 125508-1001 | 06/08/2019 | 1 | 06/08/2019 | Journal article |